000 00831nam a22002657a 4500
003 UA-OsUOA
001 73752
007 ta
008 20110316b un ||||| |||| 00| 0 ukr d
100 _aСахарцева І.І.
700 _aСеменов Г.А.
700 _aБескоста Г.М.
090 _a657(075.8)
_bС22
942 _cBK
040 _aUA-OsUOA
_bukr
_cUA-OsUOA
_dUA-OsUOA
245 _aБухгалтерський облік.
_bНавчальний посібник з виконання практичних задач
300 _a556 с.
955 _a2
041 _aukr
080 _a657(075.8)
020 _a996-351-021-8
260 _aК.
_bКондор
_c2005
650 7 _a657 Бухгалтерія. Бухгалтерський облік. Рахівництво
_2UDC
999 _c360039
_d360039